| 000 | 00874nam a22002297a 4500 | ||
|---|---|---|---|
| 999 |
_c13557 _d13557 |
||
| 003 | AR-CdUCM | ||
| 008 | 190415b ||||| |||| 00| 0 spa d | ||
| 040 |
_aMUNICIPALIDAD PROVINCIAL DEL CUSCO _cBIBLIOTECA MUNICIPAL DEL CUSCO |
||
| 082 |
_aTS / 985.61 / _bS21 |
||
| 100 |
_aSantisteban Ochoa, Julián _929993 |
||
| 245 | _aCusco ante la historia de América / | ||
| 260 |
_aCuzco : _bRozas sucesores, _c1937. |
||
| 300 |
_a36 páginas ; _bIlustraciones, _c21 cm. |
||
| 500 | _aTesis para el doctorado en historia, Filosofía y letra. | ||
| 505 | _aContenido: Cusco y la historia de América -- Cusco Imperial y Lima colonial -- Cusco, Capital colonial -- Cusco, ciudad prócer y heroica ... | ||
| 650 |
_aCusco _9772 |
||
| 650 |
_aPerú _935 |
||
| 650 |
_aHistoria. _9136 |
||
| 710 |
_aUniversidad del Cusco _932016 |
||
| 942 |
_2ddc _cTESIS |
||
| 945 |
_acmm _d2019-04-15 |
||